Library Banner

(مخران المعارفت)Makhzan ul mufardaat (Urdu) (Record no. 72891)

MARC details
000 -LEADER
fixed length control field 00599nam a2200205Ia 4500
001 - CONTROL NUMBER
control field 67515
003 - CONTROL NUMBER IDENTIFIER
control field OSt
005 - DATE AND TIME OF LATEST TRANSACTION
control field 20160315121027.0
008 - FIXED-LENGTH DATA ELEMENTS--GENERAL INFORMATION
fixed length control field 150604s9999 xx 000 0 und d
020 ## - INTERNATIONAL STANDARD BOOK NUMBER
International Standard Book Number NA
040 ## - CATALOGING SOURCE
Transcribing agency PK-LaUMT
082 ## - DEWEY DECIMAL CLASSIFICATION NUMBER
Classification number 610
Item number KAB-M
100 ## - MAIN ENTRY--PERSONAL NAME
Personal name Kabiruddin, Hakim
245 ## - TITLE STATEMENT
Title (مخران المعارفت)Makhzan ul mufardaat (Urdu)
Statement of responsibility, etc (کبیرالدین، حکیم)Kabiruddin, Hakim
260 ## - PUBLICATION, DISTRIBUTION, ETC. (IMPRINT)
Place of publication, distribution, etc (لاہور، پاکستان)Lahore,Pakistan:
Name of publisher, distributor, etc (شرکت امتیاز)Shirkatul Imtiaz,
Date of publication, distribution, etc NA
300 ## - PHYSICAL DESCRIPTION
Extent 488 p.
546 ## - LANGUAGE NOTE
Language note UR
650 ## - SUBJECT ADDED ENTRY--TOPICAL TERM
Topical term or geographic name as entry element Medicine
942 ## - ADDED ENTRY ELEMENTS (KOHA)
Koha item type Books
Source of classification or shelving scheme Dewey Decimal Classification
Holdings
Withdrawn status Lost status Damaged status Not for loan Home library Current library Date acquired Total Checkouts Full call number Barcode Date last seen Date checked out Price effective from Koha item type
        UMT Main Campus UMT Main Campus 2015-06-03 4 610 KAB-M 90928 2018-11-05 2018-10-11 2015-06-05 Books